Performance appraisal system : (Record no. 104875)

MARC details
000 -LEADER
fixed length control field 00717nam a22002057a 4500
005 - DATE AND TIME OF LATEST TRANSACTION
control field 20161130130902.0
010 ## - LCCN (DPL NO)
LC control number ENG-116716
020 ## - INTERNATIONAL STANDARD BOOK NUMBER
International Standard Book Number 9788184845389
Terms of availability 650.00
035 ## - SYSTEM CONTROL NUMBER
System control number EN-100248
037 ## - SOURCE OF ACQUISITION
Source of stock number/acquisition DBAD/PUB
082 ## - DEWEY DECIMAL CLASSIFICATION NUMBER
Classification number 385.0683
100 ## - MAIN ENTRY--PERSONAL NAME
Personal name Arputharaj, A. Nilasco
245 ## - TITLE STATEMENT
Title Performance appraisal system :
Statement of responsibility, etc by A. Nilasco Arputharaj [and] P.C. Sekar ; foreword by Suresh Prabhu
Remainder of title a case study of southern Railway /
260 ## - PUBLICATION, DISTRIBUTION, ETC. (IMPRINT)
Place of publication, distribution, etc New Delhi
Name of publisher, distributor, etc Regal Publications
Date of publication, distribution, etc 2016
270 ## - ADDRESS
Address F-159, Rajouri Garden
City New Delhi
Postal code 110027
300 ## - PHYSICAL DESCRIPTION
Extent xii,144p.
Dimensions 23cm(Hb)
500 ## - GENERAL NOTE
General note Includes bibliographical references and index
700 ## - ADDED ENTRY--PERSONAL NAME
Personal name Suresh Prabhu
942 ## - ADDED ENTRY ELEMENTS (KOHA)
Source of classification or shelving scheme Dewey Decimal Classification
Item type English Books
Classification part 385.0683
Call number suffix ARP
Holdings
Withdrawn status Lost status Not for loan Collection code Home library Current library Date acquired Source of acquisition Cost, normal purchase price Full call number Barcode Copy number Cost, replacement price Koha item type
    Not For Loan Non-fiction D.B.Act.Division Bawana 30/11/2016 DBAD/PUB 650.00 385.0683 ARP EN-100248 1 650.00 English Books

© Delhi Public Library
Hit Counter
free hit counter